000 01205cam a2200337 a 4500
001 2942679
003 ARRUPE
005 20221202105421.0
008 901023r19911952nyu 000 1 eng
010 _a 90022677
020 _a0452261244 :
_c$8.95
028 _bArrupe
040 _aDLC
_cDLC
_dDLC
050 0 0 _aPR6023.E833
_bM38 1991
082 0 0 _a823/.914
_220
100 1 _aLessing, Doris,
_d1919-2013.
_920260
245 1 0 _aMartha Quest :
_ba complete novel from Doris Lessing's masterwork Children of violence.
260 _aNew York, N.Y., U.S.A. :
_bPlume,
_c[1991]
300 _a271 p. ;
_c21 cm.
490 1 _aChildren of violence
490 0 _aPlume fiction
650 0 _aWomen
_zZimbabwe
_vFiction.
_937254
650 0 _aBritish
_zAfrica, Southern
_vFiction.
_952184
651 0 _aAfrica, Southern
_vFiction.
_952185
651 0 _aZimbabwe
_vFiction.
655 7 _aPsychological fiction.
_2lcsh
_93218
800 1 _aLessing, Doris,
_d1919-2013.
_tChildren of violence.
_951258
906 _a7
_bcbc
_corignew
_d1
_eocip
_f19
_gy-gencatlg
942 _2lcc
_cMONOGRAPH
999 _c131631
_d131631